000 00632cam a22002292 4500
001 0000018922
003 OSt
005 20160526094728.0
008 100816s xx 000 0 eng d
020 _a0199694952
040 _aKABU
_cKABU
100 1 _aPettit, Philip H.
245 1 0 _aEquity and the law of trusts /
_cPhilip H. Pettit.
250 _a12th ed.
260 _aOxford :
_bO. U. P.,
_c2012.
300 _axcv, 741p.
650 0 _aTrusts and trustees
_zGreat Britain.
650 0 _aEquity
_zGreat Britain.
908 _a100816
942 _2lcc
_cBK
999 _c15965
_d15965